[Event "XI Open Autunno"]
[Site "Robecchetto con Induno ITA"]
[Date "2014.10.30"]
[Round "4"]
[White "Giusti, Francesco"]
[Black "Puricelli, Roberto"]
[WhiteElo "1559"]
[BlackElo "1513"]
[Result "1/2-1/2"]
[PlyCount "150"]
[EventDate "2014.10.09"]

1. e4 c5 2. Nf3 Nc6 3. Bc4 e6 4. d4 cxd4 5. Nxd4 Qb6 6. Nxc6 Qxc6 7. Qd3 Bb4+
8. c3 Be7 9. O-O Nf6 10. Re1 O-O 11. Bg5 Re8 12. Bxf6 Bxf6 13. e5 Be7 14. Re3
a6 15. Rh3 g6 16. Bb3 b5 17. Bd1 Bb7 18. Bf3 Qc7 19. Bxb7 Qxb7 20. Qe3 Bf8 21.
Nd2 Bg7 22. Nf3 Rad8 23. Rd1 Qb8 24. Rd6 Qc8 25. Rh4 Rf8 26. Rhd4 f6 27. exf6
Bxf6 28. Rg4 Be7 29. Rdd4 Bc5 30. Qh6 Bxd4 31. Nxd4 Rf7 32. h4 e5 33. Nf3 d6
34. Rg3 Qf5 35. h5 Rg7 36. Nh4 Qf4 37. Qxf4 exf4 38. Rg4 Rf8 39. hxg6 hxg6 40.
Rxg6 Rxg6 41. Nxg6 Rf6 42. Ne7+ Kf7 43. Nd5 Rf5 44. Nb4 a5 45. Nc6 b4 46. cxb4
axb4 47. Nxb4 f3 48. Nc2 fxg2 49. Kxg2 Rc5 50. Ne3 d5 51. b4 Rb5 52. a3 d4 53.
Nc4 Rd5 54. Kf3 Kf6 55. Ke4 Rd8 56. Kd3 Kf5 57. b5 Ke6 58. a4 Kd5 59. a5 Rf8
60. Nb6+ Kd6 61. Kxd4 Rf4+ 62. Ke3 Rb4 63. Nc8+ Kc7 64. Na7 Kb7 65. b6 Ra4 66.
Nb5 Rxa5 67. Nd6+ Kc6 68. b7 Kc7 69. Ke4 Ra4+ 70. Ke5 Ra5+ 71. Ke6 Ra4 72. Ke5
Ra5+ 73. Ke4 Ra4+ 74. Ke5 Ra5+ 75. Ke6 Ra4 1/2-1/2

[Event "XI Open Autunno"]
[Site "Robecchetto con Induno ITA"]
[Date "2014.10.30"]
[Round "4"]
[White "Moroni, Luca"]
[Black "Virgilio, Gianluca"]
[WhiteElo "1882"]
[BlackElo "1813"]
[Result "0-1"]
[PlyCount "62"]
[EventDate "2014.10.09"]

1. d4 Nf6 2. Nf3 d5 3. Bf4 c5 4. e3 Qb6 5. Nbd2 Qxb2 6. Rb1 Qxa2 7. Bb5+ Nbd7
8. dxc5 a6 9. Bxd7+ Nxd7 10. Nb3 Qa3 11. Qxd5 Qb4+ 12. Nfd2 e6 13. Qd3 Nxc5 14.
Nxc5 Qxc5 15. O-O b5 16. Ne4 Qc6 17. Rfd1 Bb7 18. f3 f6 19. Qb3 e5 20. Bxe5
fxe5 21. Ng5 Qf6 22. Ne6 Rc8 23. Rd2 Ke7 24. Nxf8 Rhxf8 25. Rbd1 Rfd8 26. Qb4+
Ke8 27. Rd6 Rxd6 28. Rxd6 Qe7 29. f4 Rc4 30. Qd2 exf4 31. exf4 Re4 0-1

[Event "XI Open Autunno"]
[Site "Robecchetto con Induno ITA"]
[Date "2014.10.30"]
[Round "4"]
[White "Nava, Mario"]
[Black "Rancati, David"]
[WhiteElo "1262"]
[BlackElo "1547"]
[Result "0-1"]
[PlyCount "84"]
[EventDate "2014.10.09"]

1. Nf3 c5 2. c4 e6 3. Nc3 Nf6 4. d4 d5 5. Bg5 Be7 6. cxd5 Nxd5 7. Bxe7 Qxe7 8.
e4 Nxc3 9. bxc3 b6 10. Bb5+ Bd7 11. Bxd7+ Nxd7 12. Qa4 O-O 13. dxc5 Nxc5 14.
Qc2 Rfd8 15. O-O e5 16. Rad1 Rdc8 17. Rd5 f6 18. Re1 Na6 19. Qb3 Kh8 20. Qa4
Nc5 21. Qc2 Na6 22. Qd3 Nc5 23. Qd2 Qc7 24. Rd6 Rd8 25. Rd1 Rxd6 26. Qxd6 Qxd6
27. Rxd6 Nxe4 28. Rc6 Rd8 29. h3 h6 30. Nh4 Kh7 31. Rc7 Rd1+ 32. Kh2 Nxf2 33.
Rxa7 Rh1+ 34. Kg3 Ne4+ 35. Kg4 Rf1 36. Nf3 Nxc3 37. Kf5 e4 38. Ra3 exf3 39. g4
f2 40. Rxc3 Ra1 41. Rf3 f1=Q 42. Rxf1 Rxf1+ 0-1

[Event "XI Open Autunno"]
[Site "Robecchetto con Induno ITA"]
[Date "2014.10.30"]
[Round "4"]
[White "Novi', Giuseppe"]
[Black "Barrera, Pietro"]
[WhiteElo "1835"]
[BlackElo "1905"]
[Result "1/2-1/2"]
[PlyCount "119"]
[EventDate "2014.10.09"]

1. e4 c5 2. Nf3 Nc6 3. d4 cxd4 4. Nxd4 g6 5. Be3 Bg7 6. c3 Nf6 7. Nd2 O-O 8.
Bd3 Ne5 9. Be2 d5 10. exd5 Nxd5 11. Bg5 h6 12. Bh4 Nf4 13. O-O Qd5 14. f3 Ned3
15. Bxd3 Nxd3 16. N2b3 Nxb2 17. Qe2 Nc4 18. Rad1 Re8 19. Rfe1 e6 20. Nc2 Qc6
21. Nb4 Qc7 22. Bg3 e5 23. Rd5 b6 24. Nd4 a6 25. Nb3 Bb7 26. Rd3 Rac8 27. Red1
Re7 28. Nd5 Bxd5 29. Rxd5 Rce8 30. Bh4 g5 31. Bg3 Qc8 32. Bf2 a5 33. Nd2 Nb2
34. Rb1 Na4 35. Ne4 Nxc3 36. Nxc3 Qxc3 37. Rxb6 e4 38. Rb3 exf3 39. Qxf3 Qxf3
40. Rxf3 a4 41. Ra3 Rb7 42. g3 Re4 43. Ra5 Rbb4 44. Ra8+ Kh7 45. Ra7 Kg6 46.
Ra6+ f6 47. Rf3 g4 48. Ra3 h5 49. Kg2 Bh6 50. h4 Re2 51. Kf1 Rc2 52. R3xa4 Rb1+
53. Be1 Rcc1 54. Re4 Bd2 55. Rae6 Ba5 56. a4 Ra1 57. Re8 Bxe1 58. Rxe1 Rxe1+
59. Rxe1 Rxa4 60. Re3 1/2-1/2

[Event "XI Open Autunno"]
[Site "Robecchetto con Induno ITA"]
[Date "2014.10.30"]
[Round "4"]
[White "Ongaro, Andrea"]
[Black "Picierro, Giuliano"]
[WhiteElo "1723"]
[BlackElo "1572"]
[Result "0-1"]
[PlyCount "62"]
[EventDate "2014.10.09"]

1. e4 e6 2. d4 d5 3. exd5 exd5 4. c4 Nf6 5. Nc3 Bb4 6. a3 Be7 7. cxd5 Nxd5 8.
Bd3 c6 9. Nxd5 Qxd5 10. Be3 Qxg2 11. Qf3 Qxf3 12. Nxf3 Be6 13. Rg1 g6 14. Rd1
Nd7 15. Kd2 O-O 16. h4 Bd5 17. Ng5 Nf6 18. Rdf1 Rad8 19. Kc2 Rfe8 20. Nh3 Be4
21. Nf4 Bxd3+ 22. Nxd3 Nd5 23. h5 Rc8 24. hxg6 hxg6 25. Rg3 Bf6 26. Kd2 Bg7 27.
Rh1 b6 28. b4 Re6 29. Ne5 Nxe3 30. Rxe3 Rd8 31. Ke2 Rxd4 0-1

[Event "XI Open Autunno"]
[Site "Robecchetto con Induno ITA"]
[Date "2014.10.30"]
[Round "4"]
[White "Pizzolato, Roberto"]
[Black "Ragoso, Mario"]
[WhiteElo "1747"]
[BlackElo "1621"]
[Result "1/2-1/2"]
[PlyCount "85"]
[EventDate "2014.10.09"]

1. e4 e5 2. Nf3 Nc6 3. d4 exd4 4. Nxd4 Bc5 5. Nxc6 Qf6 6. Qd2 Qxc6 7. Bd3 d6 8.
O-O Be6 9. Qg5 Ne7 10. Nc3 a6 11. Be3 Bxe3 12. Qxe3 O-O 13. Kh1 f5 14. f4 Ng6
15. Rae1 Rae8 16. Qg3 Rf7 17. exf5 Bxf5 18. Rxe8+ Qxe8 19. Bc4 Be6 20. Re1 Rxf4
21. Bb3 c6 22. Qe3 d5 23. Kg1 Rf6 24. Na4 Qf8 25. Nc5 Bc8 26. c4 Nf4 27. cxd5
Nxd5 28. Qd4 Kh8 29. Bxd5 cxd5 30. Qxd5 Rf5 31. Ne6 Rxd5 32. Nxf8 g6 33. Nxg6+
hxg6 34. Re8+ Kg7 35. Rxc8 Rd1+ 36. Kf2 Rd2+ 37. Kg3 Rxb2 38. Kh3 Kh6 39. Rb8
a5 40. a4 Rb4 41. g3 Kg5 42. Kg2 Rb2+ 43. Kh3 1/2-1/2

[Event "XI Open Autunno"]
[Site "Robecchetto con Induno ITA"]
[Date "2014.10.30"]
[Round "4"]
[White "Redamante, Marzio"]
[Black "Koureas, Panicos"]
[WhiteElo "1541"]
[BlackElo "1431"]
[Result "0-1"]
[PlyCount "82"]
[EventDate "2014.10.09"]

1. c4 e5 2. d3 Nc6 3. g3 f5 4. Bg2 Nf6 5. Nc3 Bb4 6. Bd2 d6 7. Qa4 Bd7 8. a3
Nd4 9. Qd1 Bxc3 10. Bxc3 Rb8 11. e3 Qe7 12. Ne2 Nc6 13. b4 O-O 14. O-O e4 15.
dxe4 Nxe4 16. Bb2 Qf7 17. Qc2 Ne5 18. Bxe5 dxe5 19. Bxe4 fxe4 20. Nc1 Bh3 21.
f4 Bxf1 22. Kxf1 exf4 23. exf4 e3 24. Ne2 Rbd8 25. c5 Qd7 26. Qe4 Rde8 27. Qxb7
Qh3+ 28. Qg2 Qf5 29. Rd1 Rd8 30. Nd4 Qg4 31. Rd3 Rfe8 32. Qe2 Qh3+ 33. Ke1 h5
34. Rxe3 Rxe3 35. Qxe3 Qxh2 36. Qe6+ Kf8 37. Qf5+ Kg8 38. Qe6+ Kh8 39. Qc4 Qg1+
40. Kd2 Rxd4+ 41. Qxd4 Qxd4+ 0-1

[Event "XI Open Autunno"]
[Site "Robecchetto con Induno ITA"]
[Date "2014.10.30"]
[Round "4"]
[White "Santoruvo, Gianfranco"]
[Black "Macchiettini, Pierangelo"]
[WhiteElo "1755"]
[BlackElo "1691"]
[Result "1/2-1/2"]
[PlyCount "59"]
[EventDate "2014.10.09"]

1. Nf3 c5 2. b3 d6 3. Bb2 e6 4. e3 Nf6 5. d4 cxd4 6. Nxd4 a6 7. Nd2 Be7 8. Be2
Nbd7 9. O-O d5 10. c4 dxc4 11. Nxc4 O-O 12. Qc2 Nb6 13. Rfd1 Qc7 14. Nxb6 Qxb6
15. Rac1 Bd7 16. Nf3 Rac8 17. Bc4 Rfd8 18. Bd4 Qa5 19. Bc3 Qh5 20. Qb2 Bc6 21.
Be2 Rxd1+ 22. Rxd1 Qc5 23. Ne5 Be8 24. Nc4 b5 25. Bd4 Qc6 26. Bf3 Qc7 27. Be5
Qc5 28. Bd4 Qc7 29. Be5 Qc5 30. Bd4 1/2-1/2

[Event "XI Open Autunno"]
[Site "Robecchetto con Induno ITA"]
[Date "2014.10.30"]
[Round "4"]
[White "Serrao, Piergiorgio"]
[Black "Ruggeri, Igor"]
[WhiteElo "1678"]
[BlackElo "1549"]
[Result "1-0"]
[PlyCount "93"]
[EventDate "2014.10.09"]

1. d4 d5 2. c4 e6 3. Nc3 Nf6 4. Bg5 Be7 5. e3 Nbd7 6. Nf3 O-O 7. Rc1 c5 8. cxd5
Nxd5 9. Bxe7 Qxe7 10. Nxd5 exd5 11. dxc5 Nf6 12. Be2 Bd7 13. O-O Bc6 14. Nd4
Bd7 15. b4 a6 16. Re1 Qe5 17. Nf3 Qe4 18. a3 Qg6 19. Ne5 Qf5 20. Nxd7 Qxd7 21.
Bf3 Rfd8 22. Qc2 Rac8 23. Qb1 Qe8 24. Red1 Ne4 25. Rd4 Ng5 26. Bxd5 Rc7 27.
Rcd1 Rcd7 28. h4 Ne6 29. Bxe6 Qxe6 30. Rxd7 Rxd7 31. Rxd7 Qxd7 32. Qe4 g6 33.
g3 h5 34. Qe5 Kh7 35. Qd6 Qa4 36. Qd3 Qc6 37. Qb3 Qd7 38. a4 Qe7 39. Qc4 Qd7
40. b5 Qd1+ 41. Kg2 axb5 42. axb5 Qd7 43. c6 bxc6 44. bxc6 Qc7 45. Qd5 Kg7 46.
Qd7 Qb6 47. Qd4+ 1-0

[Event "XI Open Autunno"]
[Site "Robecchetto con Induno ITA"]
[Date "2014.10.30"]
[Round "4"]
[White "Torretta, Gilberto"]
[Black "Libutti, Michele"]
[WhiteElo "1661"]
[BlackElo "1753"]
[Result "1/2-1/2"]
[PlyCount "75"]
[EventDate "2014.10.09"]

1. e4 c6 2. d4 d5 3. e5 Bf5 4. c3 e6 5. Be3 Nd7 6. Nf3 Ne7 7. Be2 c5 8. dxc5
Nc6 9. b4 Ndxe5 10. Nd4 Nxd4 11. Qxd4 Nc6 12. Bb5 f6 13. Qf4 Be7 14. Nd2 O-O
15. h4 a6 16. Be2 Ne5 17. Qg3 Kh8 18. Nb3 Nc6 19. h5 Qb8 20. f4 e5 21. Qf3 Be4
22. Qg3 Qc8 23. Nd2 Bf5 24. Qh4 d4 25. cxd4 Nxd4 26. Bxd4 exd4 27. Bc4 Be6 28.
O-O-O Bxc4 29. Nxc4 Qe6 30. Rxd4 Rad8 31. Rhd1 f5 32. Rxd8 Qxc4+ 33. Kb1 Qxb4+
34. Ka1 Qc3+ 35. Kb1 Qb4+ 36. Ka1 Qc3+ 37. Kb1 Qb4+ 38. Ka1 1/2-1/2

[Event "XI Open Autunno"]
[Site "Robecchetto con Induno ITA"]
[Date "2014.10.30"]
[Round "4"]
[White "Zanin, Fabio"]
[Black "Pappalardo, Antonio"]
[WhiteElo "1583"]
[BlackElo "1724"]
[Result "1/2-1/2"]
[PlyCount "45"]
[EventDate "2014.10.09"]

1. e4 c5 2. Nf3 g6 3. d4 cxd4 4. Nxd4 Nc6 5. Nc3 Bg7 6. Nxc6 bxc6 7. Bc4 d6 8.
Qf3 e6 9. O-O Ne7 10. Bg5 O-O 11. Rad1 Qc7 12. h4 d5 13. exd5 exd5 14. Rfe1 Be6
15. Bd3 h5 16. Bf6 Rae8 17. Bxg7 Kxg7 18. Qe3 Nf5 19. Bxf5 Bxf5 20. Qd4+ Kg8
21. Qd2 Qd8 22. g3 Rxe1+ 23. Rxe1 1/2-1/2

[Event "XI Open Autunno"]
[Site "Robecchetto con Induno ITA"]
[Date "2014.11.06"]
[Round "5"]
[White "Antonetti, Emiliano"]
[Black "Redamante, Marzio"]
[WhiteElo "1431"]
[BlackElo "1541"]
[Result "0-1"]
[PlyCount "86"]
[EventDate "2014.10.09"]

1. c4 c5 2. Nc3 g6 3. Nf3 Bg7 4. e3 Nf6 5. Be2 d6 6. d4 cxd4 7. exd4 O-O 8. O-O
Nbd7 9. d5 a6 10. Be3 Ng4 11. Bd4 Nge5 12. Nxe5 Bxe5 13. Bxe5 Nxe5 14. Qd2 Qc7
15. b3 Bf5 16. Qf4 Qa5 17. Ne4 Bxe4 18. Qxe4 Rfe8 19. f4 Nd7 20. f5 Nf6 21. Qd3
Qc7 22. fxg6 hxg6 23. Rae1 Kg7 24. Rf2 Rh8 25. g4 Rh4 26. g5 Nd7 27. Ref1 Qc5
28. Kh1 Ne5 29. Qc3 Rf8 30. Qg3 Qd4 31. Rf4 Rxf4 32. Rxf4 Qa1+ 33. Rf1 Qxa2 34.
Re1 Qd2 35. h4 Rh8 36. Kg1 Qd4+ 37. Kg2 Rxh4 38. Kf1 Rh1+ 39. Kg2 Qe4+ 40. Bf3
Qxe1 41. Qxe1 Rxe1 42. Kf2 Nxf3 43. Kxf3 Rb1 0-1

[Event "XI Open Autunno"]
[Site "Robecchetto con Induno ITA"]
[Date "2014.11.06"]
[Round "5"]
[White "Barrera, Pietro"]
[Black "Picierro, Giuliano"]
[WhiteElo "1905"]
[BlackElo "1572"]
[Result "1/2-1/2"]
[PlyCount "56"]
[EventDate "2014.10.09"]

1. e4 e6 2. d4 d5 3. Nd2 c5 4. exd5 exd5 5. Bd3 Nf6 6. Ngf3 Bd6 7. O-O O-O 8.
dxc5 Bxc5 9. Nb3 Bd6 10. h3 h6 11. Be3 Nc6 12. c3 Re8 13. Qc2 Be6 14. Rad1 Rc8
15. Qb1 Qc7 16. Nbd4 Nxd4 17. Nxd4 Bd7 18. Qc1 Ne4 19. Nb5 Bxb5 20. Bxb5 Re5
21. Bf4 Re6 22. Bxd6 Rxd6 23. Rd4 a6 24. Bd3 Nf6 25. Re1 Qd7 26. Re5 Re8 27. f4
Rde6 28. Rxe6 Qxe6 1/2-1/2

[Event "XI Open Autunno"]
[Site "Robecchetto con Induno ITA"]
[Date "2014.11.06"]
[Round "5"]
[White "Garcia Rubi, Juan"]
[Black "Ongaro, Andrea"]
[WhiteElo "1394"]
[BlackElo "1723"]
[Result "0-1"]
[PlyCount "62"]
[EventDate "2014.10.09"]

1. e4 c5 2. Nc3 Nc6 3. g3 Nf6 4. Bg2 e6 5. d3 d6 6. Nge2 Be7 7. O-O Bd7 8. h3
O-O 9. Be3 Rb8 10. Qd2 d5 11. exd5 exd5 12. Bg5 d4 13. Bxf6 Bxf6 14. Ne4 Be7
15. c3 f5 16. Nxc5 Bxc5 17. Qc2 Bb6 18. Rac1 Kh8 19. c4 Bc7 20. Qd2 Qf6 21. f4
Rfe8 22. Rc2 Re3 23. a3 a5 24. Nc3 Ne7 25. Nd1 Rxg3 26. Qf2 Rxd3 27. Rd2 Rxd2
28. Qxd2 Bc6 29. Rf2 Bxg2 30. Rxg2 Ng6 31. Rf2 Qd6 0-1

[Event "XI Open Autunno"]
[Site "Robecchetto con Induno ITA"]
[Date "2014.11.06"]
[Round "5"]
[White "Gbessou, Remi Stephan"]
[Black "Santarelli, Sabatino"]
[WhiteElo "1299"]
[BlackElo "1638"]
[Result "0-1"]
[PlyCount "50"]
[EventDate "2014.10.09"]

1. e4 c5 2. Nf3 g6 3. d4 Bg7 4. Bd3 cxd4 5. O-O Nc6 6. Re1 Qc7 7. Nbd2 e6 8.
Nc4 b5 9. Na3 a6 10. b3 Bb7 11. c4 dxc3 12. Rb1 Nge7 13. Be3 O-O 14. Qc1 Rfc8
15. b4 Nd4 16. Bh6 Nxf3+ 17. gxf3 Bh8 18. Nc2 d5 19. Ne3 d4 20. Ng4 Nc6 21. f4
Qe7 22. f5 Nxb4 23. Qa3 a5 24. e5 Qh4 25. Be2 exf5 0-1

[Event "XI Open Autunno"]
[Site "Robecchetto con Induno ITA"]
[Date "2014.11.06"]
[Round "5"]
[White "Koureas, Panicos"]
[Black "Giusti, Francesco"]
[WhiteElo "1431"]
[BlackElo "1559"]
[Result "0-1"]
[PlyCount "80"]
[EventDate "2014.10.09"]

1. e4 e5 2. Nf3 Nc6 3. d4 exd4 4. Bc4 Qf6 5. O-O h6 6. e5 Qe7 7. Re1 g6 8. Nxd4
Nxd4 9. Qxd4 Bg7 10. Nc3 c6 11. Bf4 b5 12. Bb3 Bb7 13. Rad1 Qd8 14. Ne4 d5 15.
Nc5 Bc8 16. Bg3 Ne7 17. Qd3 Qb6 18. Qc3 b4 19. Qe3 Nf5 20. Na4 Qxe3 21. fxe3
Nxg3 22. hxg3 Bxe5 23. c4 Bxg3 24. Re2 Bg4 25. Red2 Bxd1 26. Rxd1 dxc4 27. Bxc4
O-O 28. Nc5 Rfd8 29. Rf1 Rf8 30. Rf3 Bh4 31. Nd7 a5 32. Ne5 Kg7 33. Nxc6 Bf6
34. b3 g5 35. e4 Rfe8 36. Bd5 Ra6 37. e5 Bxe5 38. Rxf7+ Kg6 39. Rd7 Bg3 40. Bf3
Re1# 0-1

[Event "XI Open Autunno"]
[Site "Robecchetto con Induno ITA"]
[Date "2014.11.06"]
[Round "5"]
[White "Libutti, Michele"]
[Black "Serrao, Piergiorgio"]
[WhiteElo "1753"]
[BlackElo "1678"]
[Result "1-0"]
[PlyCount "153"]
[EventDate "2014.10.09"]

1. d4 d5 2. c4 e6 3. Nc3 Nf6 4. Bg5 Be7 5. Nf3 O-O 6. e3 h6 7. Bh4 Ne4 8. Bxe7
Qxe7 9. Bd3 Nxc3 10. bxc3 dxc4 11. Bxc4 b6 12. O-O Bb7 13. Re1 Nd7 14. e4 Qd8
15. e5 Re8 16. Bb3 c5 17. Rc1 Rc8 18. Qe2 Qe7 19. Qe3 c4 20. Bc2 Qa3 21. Bb1
Red8 22. Nd2 b5 23. Ne4 Bxe4 24. Qxe4 Nf8 25. f4 Qe7 26. Re3 f5 27. exf6 Qxf6
28. Rf1 a6 29. f5 Rd6 30. Qg4 Qg5 31. Qxg5 hxg5 32. Rg3 exf5 33. Rxg5 Rcc6 34.
Rgxf5 Rf6 35. Rxf6 Rxf6 36. Be4 Nd7 37. Bb7 Rd6 38. Rf5 Nf6 39. h3 Kh7 40. Kf2
Kg6 41. g4 Rb6 42. Bf3 b4 43. cxb4 Rxb4 44. Rc5 Rb2+ 45. Ke3 Rxa2 46. Rxc4 Ra3+
47. Kf4 Rd3 48. Be4+ Nxe4 49. Kxe4 Rxh3 50. Rc6+ Kg5 51. Rxa6 Rh1 52. d5 Re1+
53. Kd4 Rd1+ 54. Ke5 Re1+ 55. Kd6 Kxg4 56. Kd7 g5 57. d6 Kf3 58. Kc8 Rc1+ 59.
Kb7 g4 60. d7 Rd1 61. Kc7 Rc1+ 62. Rc6 Rd1 63. Rd6 Rc1+ 64. Kd8 g3 65. Ke8 g2
66. d8=Q g1=Q 67. Rf6+ Ke2 68. Qe7+ Kd2 69. Qb4+ Kd3 70. Rd6+ Ke2 71. Qd2+ Kf3
72. Rf6+ Ke4 73. Re6+ Kf5 74. Qd5+ Kf4 75. Qe5+ Kf3 76. Rf6+ Kg4 77. Rg6+ 1-0

[Event "XI Open Autunno"]
[Site "Robecchetto con Induno ITA"]
[Date "2014.11.06"]
[Round "5"]
[White "Macchiettini, Pierangelo"]
[Black "Pizzolato, Roberto"]
[WhiteElo "1691"]
[BlackElo "1747"]
[Result "1/2-1/2"]
[PlyCount "81"]
[EventDate "2014.10.09"]

1. d4 d5 2. Nf3 c6 3. e3 Nf6 4. c4 Bf5 5. Nc3 e6 6. a3 Nbd7 7. Be2 Bd6 8. c5
Bc7 9. b4 a6 10. Bb2 h6 11. Bd3 Bxd3 12. Qxd3 e5 13. dxe5 Nxe5 14. Nxe5 Bxe5
15. Na4 Qe7 16. Bd4 O-O 17. h3 Rfe8 18. O-O Bc7 19. Nc3 Nd7 20. Na4 Ne5 21. Qc3
f6 22. Nb2 Qf7 23. Qc2 f5 24. f4 Nd7 25. Nd3 Nf6 26. Ne5 Bxe5 27. fxe5 Ne4 28.
Rf3 Qg6 29. Raf1 Rf8 30. Kh2 Rae8 31. Rg1 f4 32. exf4 Rxf4 33. Rgf1 Ref8 34.
Qd3 Qg5 35. Kg1 Rxf3 36. Rxf3 Qc1+ 37. Kh2 Rxf3 38. Qxf3 Ng5 39. Qg4 Qe1 40.
Qc8+ Kh7 41. Qf5+ 1/2-1/2

[Event "XI Open Autunno"]
[Site "Robecchetto con Induno ITA"]
[Date "2014.11.06"]
[Round "5"]
[White "Novi', Giuseppe"]
[Black "Bianchi, Alberto"]
[WhiteElo "1835"]
[BlackElo "1921"]
[Result "1-0"]
[PlyCount "99"]
[EventDate "2014.10.09"]

1. e4 e5 2. Nf3 Nc6 3. Bb5 a6 4. Ba4 Nf6 5. O-O Nxe4 6. Re1 Nc5 7. Bxc6 dxc6 8.
Nxe5 Be6 9. d4 Nd7 10. Bf4 Nf6 11. c3 Bd6 12. Nd2 O-O 13. Bg5 Be7 14. Ndf3 Nd5
15. Bxe7 Qxe7 16. Qd2 h6 17. Rad1 Rad8 18. Qc2 Qf6 19. Qe2 Nf4 20. Qe3 Rfe8 21.
b3 Kh8 22. c4 Bc8 23. Nd2 Kg8 24. Ne4 Qf5 25. g4 Qh7 26. Qxf4 f6 27. Nf3 f5 28.
gxf5 Bxf5 29. Ne5 Rf8 30. Qe3 Rde8 31. Ng3 Rf6 32. Qd2 Bc8 33. Qd3 g6 34. Kg2
Ref8 35. f3 h5 36. h4 Qg7 37. Re3 Qh6 38. Rh1 Kh8 39. Qe2 Rg8 40. Nd3 Rff8 41.
Ne4 Qg7 42. Ne5 Bf5 43. Ng5 Qf6 44. Re1 Rg7 45. Qd2 Rd8 46. Nef7+ Rxf7 47.
Nxf7+ Qxf7 48. Re7 Qf6 49. Qh6+ Kg8 50. Re8+ 1-0

[Event "XI Open Autunno"]
[Site "Robecchetto con Induno ITA"]
[Date "2014.11.06"]
[Round "5"]
[White "Pappalardo, Antonio"]
[Black "Torretta, Gilberto"]
[WhiteElo "1724"]
[BlackElo "1661"]
[Result "0-1"]
[PlyCount "118"]
[EventDate "2014.10.09"]

1. d4 Nf6 2. c4 g6 3. Nc3 Bg7 4. e4 d6 5. Bd3 Nc6 6. Nge2 O-O 7. O-O e5 8. d5
Ne7 9. Ng3 a5 10. Bg5 h6 11. Bd2 Nd7 12. Rb1 f5 13. exf5 gxf5 14. f4 e4 15. Bc2
Nf6 16. Nh5 Ng4 17. Nxg7 Kxg7 18. h3 Nf6 19. Be1 Ng6 20. Qd4 Kh7 21. Bd1 Bd7
22. b4 Qe7 23. bxa5 c5 24. dxc6 Bxc6 25. Nd5 Bxd5 26. cxd5 e3 27. Bf3 Rac8 28.
Qd3 Rc5 29. Bb4 Rc7 30. Rbe1 Nh4 31. Rxe3 Nxf3+ 32. Rexf3 Ne4 33. Re1 Rfc8 34.
Kh2 Rc2 35. Re2 Rc1 36. Rfe3 R8c4 37. Be1 Qf6 38. Qb3 Nc5 39. Re7+ Kg6 40. R7e6
Nxb3 41. axb3 Re4 42. R2xe4 fxe4 43. Rxf6+ Kxf6 44. Bf2 Rd1 45. Bb6 Rxd5 46.
Kg1 h5 47. Kf2 Rd3 48. b4 Kf5 49. g3 Rb3 50. Bc7 d5 51. Bd6 d4 52. Bc5 Rf3+ 53.
Ke2 d3+ 54. Kd2 Rxg3 55. Be3 Rxh3 56. b5 Rh2+ 57. Kc3 Ra2 58. a6 bxa6 59. b6
Ra5 0-1

[Event "XI Open Autunno"]
[Site "Robecchetto con Induno ITA"]
[Date "2014.11.06"]
[Round "5"]
[White "Puricelli, Roberto"]
[Black "Sartorio, Alessandro"]
[WhiteElo "1513"]
[BlackElo "1318"]
[Result "0-1"]
[PlyCount "104"]
[EventDate "2014.10.09"]

1. e4 c5 2. Nf3 d6 3. d4 cxd4 4. Nxd4 Nf6 5. Nc3 Bd7 6. Bc4 e6 7. Bg5 Be7 8. f4
Qc7 9. Bb3 h6 10. Bh4 O-O 11. Qd3 a6 12. O-O-O Nc6 13. Nf3 Rfe8 14. a3 Ng4 15.
Bxe7 Rxe7 16. Qxd6 Rc8 17. Qxc7 Rxc7 18. Rhf1 Ne3 19. h3 Na5 20. Ba2 Nxf1 21.
Rxf1 Nc4 22. Re1 Nd6 23. g4 Kh8 24. Rd1 Nc4 25. Bxc4 Rxc4 26. f5 f6 27. e5 exf5
28. exf6 gxf6 29. Nh4 Be8 30. Nxf5 Rd7 31. Re1 Bg6 32. Ne3 Rf4 33. Ned5 Rf2 34.
h4 Rxc2+ 35. Kd1 Rxc3 36. bxc3 Rxd5+ 37. Kc1 Rd3 38. Re7 Rxc3+ 39. Kb2 Rg3 40.
Rxb7 Rxg4 41. Rb6 Bd3 42. Rxf6 Rxh4 43. Rd6 Bb5 44. Kb3 Ba4+ 45. Kc3 Rh3+ 46.
Kb4 Bb5 47. Rb6 h5 48. Rd6 h4 49. a4 Be2 50. Kc5 Rh1 51. Rd2 Rc1+ 52. Kd6 Rd1
0-1

[Event "XI Open Autunno"]
[Site "Robecchetto con Induno ITA"]
[Date "2014.11.06"]
[Round "5"]
[White "Ragoso, Mario"]
[Black "Santoruvo, Gianfranco"]
[WhiteElo "1621"]
[BlackElo "1755"]
[Result "0-1"]
[PlyCount "68"]
[EventDate "2014.10.09"]

1. d4 f5 2. Nf3 Nf6 3. g3 b6 4. Bg2 Bb7 5. O-O e6 6. a3 d6 7. c4 Nbd7 8. Nc3
Be7 9. Ng5 Bxg2 10. Kxg2 Nf8 11. Qb3 h6 12. Nf3 g5 13. Rd1 Qd7 14. d5 e5 15.
Qc2 Nh5 16. b4 f4 17. Ne4 Bf6 18. Bb2 Bg7 19. c5 Nf6 20. cxd6 cxd6 21. Rac1
N8h7 22. Nxd6+ Qxd6 23. Bxe5 Qd7 24. Qg6+ Qf7 25. Qf5 O-O 26. Rc7 Qe8 27. Rdc1
Rd8 28. Qd3 Rf7 29. d6 Nd7 30. Bxg7 Kxg7 31. Qa6 g4 32. Nd4 Qe4+ 33. Kg1 Qxd4
34. Qxa7 fxg3 0-1

[Event "XI Open Autunno"]
[Site "Robecchetto con Induno ITA"]
[Date "2014.11.06"]
[Round "5"]
[White "Ruggeri, Igor"]
[Black "Frignani, Alessandro"]
[WhiteElo "1549"]
[BlackElo "1469"]
[Result "1-0"]
[PlyCount "75"]
[EventDate "2014.10.09"]

1. d4 d5 2. c4 e6 3. Nf3 c6 4. e3 Nf6 5. Nc3 Bb4 6. Bd2 Ba5 7. Bd3 Bc7 8. O-O
b6 9. Re1 O-O 10. e4 dxe4 11. Nxe4 Ba6 12. Bg5 Nbd7 13. Qc2 h6 14. Bh4 g5 15.
Bg3 Nxe4 16. Bxc7 Qxc7 17. Bxe4 Nf6 18. Bd3 Rad8 19. Rad1 g4 20. Nh4 Rxd4 21.
Bh7+ Nxh7 22. Rxd4 c5 23. Rxg4+ Ng5 24. f4 f5 25. fxg5 fxg4 26. Qg6+ Qg7 27.
Qxe6+ Rf7 28. g6 Qd4+ 29. Kh1 Bxc4 30. gxf7+ Kf8 31. Qe8+ Kg7 32. Nf5+ Kf6 33.
Nxd4 Bxf7 34. Qe5+ Kg6 35. Qe4+ Kg7 36. Qxg4+ Kh7 37. Nf5 Bg6 38. Re7+ 1-0

[Event "XI Open Autunno"]
[Site "Robecchetto con Induno ITA"]
[Date "2014.11.06"]
[Round "5"]
[White "Vada, Riccardo"]
[Black "Zanin, Fabio"]
[WhiteElo "1708"]
[BlackElo "1583"]
[Result "0-1"]
[PlyCount "38"]
[EventDate "2014.10.09"]

1. e4 e5 2. f4 Bc5 3. Nf3 d6 4. c3 Qe7 5. d4 exd4 6. cxd4 Qxe4+ 7. Be2 Bb6 8.
O-O Ne7 9. Bb5+ Nbc6 10. Re1 Qf5 11. Nc3 O-O 12. Kh1 Nd5 13. Bd3 Nxc3 14. bxc3
Qh5 15. Qc2 Bd7 16. Ng5 h6 17. Bh7+ Kh8 18. Bg8 hxg5 19. d5 Na5 0-1

[Event "XI Open Autunno"]
[Site "Robecchetto con Induno ITA"]
[Date "2014.11.06"]
[Round "5"]
[White "Viale, Daniele"]
[Black "Virgilio, Gianluca"]
[WhiteElo "1848"]
[BlackElo "1813"]
[Result "0-1"]
[PlyCount "130"]
[EventDate "2014.10.09"]

1. d4 Nf6 2. Nf3 g6 3. c4 Bg7 4. Nc3 d5 5. cxd5 Nxd5 6. e4 Nxc3 7. bxc3 c5 8.
Be3 Nc6 9. Be2 Bg4 10. e5 Qa5 11. O-O O-O 12. Rb1 Qxc3 13. Rc1 Qa3 14. Rxc5
Rfd8 15. Qc2 Bf5 16. Qc3 Qxc3 17. Rxc3 Be4 18. Rd1 Rd7 19. Ng5 Bd5 20. a3 Rad8
21. f4 h6 22. Nf3 a6 23. a4 Nb4 24. Ne1 Bc6 25. Bg4 e6 26. Ra3 Bf8 27. Kf2 Nd5
28. Ra2 Nc3 29. Rad2 Nxd1+ 30. Rxd1 Bxa4 31. Rc1 Bc6 32. h4 Rc8 33. h5 Kg7 34.
hxg6 Kxg6 35. Nf3 Rdc7 36. f5+ Kg7 37. Rh1 Bxf3 38. gxf3 Re8 39. Bxh6+ Kg8 40.
Be3 b5 41. f6 Rc2+ 42. Kg3 Re2 43. Bf4 Rc8 44. Rh5 Bb4 45. Bh6 Be1+ 46. Kf4
Bd2+ 47. Kg3 Bxh6 48. Rxh6 Rd8 49. Rh5 b4 50. Rg5+ Kf8 51. f4 Re3+ 52. Kf2 Re4
53. Bd1 Rxf4+ 54. Kg3 Rdxd4 55. Ba4 Rf5 56. Rg7 Rh5 57. Kf3 b3 58. Bc6 b2 59.
Rg1 Rc4 60. Rd1 Kg8 61. Be4 Rc8 62. Rg1+ Kf8 63. Rb1 Rh2 64. Kg3 Rd2 65. Rh1
Ke8 0-1

[Event "XI Open Autunno"]
[Site "Robecchetto con Induno ITA"]
[Date "2014.11.13"]
[Round "6"]
[White "Bianchi, Alberto"]
[Black "Torretta, Gilberto"]
[WhiteElo "1921"]
[BlackElo "1661"]
[Result "1-0"]
[PlyCount "43"]
[EventDate "2014.10.09"]

1. e4 c5 2. Nf3 Nc6 3. Nc3 d6 4. d4 cxd4 5. Nxd4 e5 6. Nxc6 bxc6 7. Bd3 Nf6 8.
O-O Be7 9. Ne2 O-O 10. c4 Bb7 11. Ng3 d5 12. Qe2 d4 13. f4 Nd7 14. Nf5 c5 15.
Qg4 Bf6 16. Rf3 exf4 17. Bxf4 Ne5 18. Bxe5 Bxe5 19. Nh6+ Kh8 20. Nxf7+ Rxf7 21.
Rxf7 Bf6 22. Rxb7 1-0